000 00802nam a2200241 i 4500
001 bg
100 1 _aSMARZYŃSKI, Stanisław
245 1 0 _aBadania procesu technologicznego zgrzewania i kształtowania tarciowego rur /
_cStanisław Smarzyński.
260 _aBydgoszcz :
_bWydawnictwa Uczelniane Akademii Techniczno-Rolniczej,
_c2000.
300 _a183 s. :
_bil. (w tym kolor.) ;
_c24 cm.
504 _aBibliogr.
650 9 _aPołączenia konstrukcyjne
_xbadanie
650 9 _aRury metalowe
_xtechnologia
_xbadanie
650 9 _aTarcie
_xzagadnienia
650 9 _aZgrzewanie
_xmetody
_xbadanie
020 _a8387274623
040 _cBPK
041 0 _apl
080 _a621.77:624.014:621.791/.795:531.4
920 _a83-87274-62-3
942 _cKS
008 s pl f |000 0 pol
999 _c38364
_d38364
856 _uhttp://koha.tu.koszalin.pl/cgi-bin/koha/opac-detail.pl?biblionumber=38364
_yKatalog online BPK